Código de derecho canónico y legislación complementaria
Kaydedildi:
| Asıl Yazarlar: | , , |
|---|---|
| Materyal Türü: | Kitap |
| Dil: | İspanyolca |
| Baskı/Yayın Bilgisi: |
Madrid
Católica
1952
|
| Edisyon: | 4a. ed |
| Seri Bilgileri: | Biblioteca de Autores Cristianos
|
| Konular: | |
| Etiketler: |
Etiketle
Etiket eklenmemiş, İlk siz ekleyin!
|
MARC
| LEADER | 00000nam a2200000 a 4500 | ||
|---|---|---|---|
| 001 | UCI2700 | ||
| 003 | CL-VaPUC | ||
| 008 | 070907e19520000SP |||||||||||||||||spa|d | ||
| 082 | 0 | 4 | |a 262.9 |b MIG |2 21 |
| 100 | |a Miguélez Domínguez, Lorenzo |e autor |9 494321 | ||
| 700 | 0 | |a Alonso Moran, Sabino |e author |9 507697 | |
| 700 | 0 | |a Cabreros de Anta, Marcelino |e author |9 507698 | |
| 245 | 1 | 0 | |a Código de derecho canónico y legislación complementaria |
| 250 | |a 4a. ed | ||
| 300 | |a 1068 p | ||
| 942 | |c BK | ||
| 945 | |d 20070907 00:00:00 |a rbrito | ||
| 260 | |a Madrid |b Católica |c 1952 | ||
| 650 | 7 | |a DERECHO CANONICO |2 CL-VaPUC |9 523835 | |
| 583 | |a last modification |c 20070907 00:00:00 |k Rodrigo Vera | ||
| 490 | 0 | |a Biblioteca de Autores Cristianos | |
| 999 | |c 327178 |d 327176 | ||
| 952 | |0 0 |1 0 |4 0 |6 262_900000000000000_MIG_1952 |7 0 |8 F |9 409658 |a BIBDER |b BIBDER |d 2019-11-22 |i 4240871 |o 262.9 MIG 1952 |p 4240871 |r 2023-01-25 |w 2019-11-22 |y BK_F |k DER | ||